000 00675nam a2200241Ia 4500
003 OSt
005 20221005122449.0
006 a|||||r|||| 00| 0
007 ta
008 221004b |||||||| |||| 00| 0 eng d
024 _a66140
037 _cTextual
040 _aCRL
_cCRL
_beng
041 _2eng
_aeng
082 _aV5932:1:Z, J8
110 _aInternational Commission of Jurists
245 0 _aJustice in Hungary today
_b Third report on the Hunbgarian situation and the rule of law
260 _c1958
650 _aHISTORY
700 _aInternational Commission of Jurists
942 _hV5932:1:Z, J8
_cTEXL
_2cc
999 _c1044380
_d1044380